| 000 | 00681nam a2200217 a 4500 | ||
|---|---|---|---|
| 005 | 20240426063848.0 | ||
| 008 | 010629s1998 mx r 000 0 spa d | ||
| 020 | _a9507011285 | ||
| 035 | _aUPN01000109053 | ||
| 049 | _aCG | ||
| 050 | 4 |
_aLB1139 W7 _bM2.2 1998 |
|
| 100 | 1 | _aMcCormick Calkins, Lucy | |
| 245 | 1 | 0 |
_aDidáctica de la escritura : _ben la escuela primaria y secundaria / _cLucy McCormick CalKins ; tr. Isabel Stratta. |
| 250 | _a4a. ed. | ||
| 260 |
_aBuenos Aires : _bAique, _c1998. |
||
| 300 | _a432 p. | ||
| 440 | 0 | _ade la palabra | |
| 534 |
_pTraducción de: _tThe art of teaching writing |
||
| 650 | 4 |
_aEscritura _xEstudio y enseñanza _96154 |
|
| 905 | _aLibro | ||
| 999 |
_c82964 _d82964 |
||